000 02188nam0a2200325 i 4500
001 RU\NLR\BIBL_A\010297149
005 20260408113509.0
010 _a9785209053408
_9100
021 _aRU
_b2014-4705
_9289
035 _a(NILC)RuMoRGB-006735933
035 _a(NLR Aleph) 010297149
090 _a10575577
_c10575577
100 _a20140324d2013 k y0rusy50 ca
101 0 _arus
102 _aRU
105 _ay|||z|||000yy
200 1 _aАфрика в контексте формирования новой системы международных отношений
_eматериалы II межвузовской научной конференции, посвященной 5-летию кабинета африканистики факультета гуманитарных и социальных наук РУДН, Москва, 30 марта 2013 г.
_f[под ред. д.и.н., проф. Ныгусие Кассае В. Микаэля]
210 _aМосква
_cРУДН
_d2013
215 _a241 с.
_d21
300 _aВ надзаг.: М-во образования и науки Российской Федерации, Российский ун-т дружбы народов, Фак. гуманитарных и социальных наук, Каф. теории и истории междунар. отношений
320 _aБиблиогр. в конце ст.
606 1 _aМеждународные отношения
_jСъезды, совещания и т.п
_yАфриканские страны
_z20 - 21 вв.
_92612411
_3RU\NLR\AUTH\661548969
686 1 _aТ3(6)63-6я431
702 1 _4340
_7ca
_8rus
_aКассае
_bН. В. М.
_f1961-
_gНыгусие Вольде Микаэль
_926479
_3RU\NLR\AUTH\7743536
711 1 2 _a"Африка в контексте формирования новой системы международных отношений", межвузовская научная конференция
_d2
_eМосква
_f2013
_9395762
_3RU\NLR\AUTH\880364434
801 0 _aRU
_bРГБ
_c20140210
_gRCR
942 _cBOOK
980 _aNBR